00857nam a2200265Ia 4500003000900000008004100009020003000050020003100080022002200111022002300133040001600156100001900172245003900191260005700230300002000287490003400307650004800341650002100389650003200410650002100442650001600463700002000479700001900499856007300518IN-BaIIA211028s9999 xx s 000 0 eng d a978-3-642-33901-1 (Print) a978-3-642-33902-8 (Online) a1860-0832 (Print) a1860-0840 (Online) cIIA Library aDoursat, Rene  0aMorphogenetic Engineeringh[eBook] aHeidelberg, BerlinbSpringer Berlin Heidelbergc2012 aOnline resource aUnderstanding Complex Systems a Biological and Medical Physics, Biophysics a Complex Systems a Computational Intelligence a Systems Biology aEngineering aMichel, Olivier aSayama, Hiroki uhttp://doi.org/10.1007/978-3-642-33902-8yClick Here to Access eBook